មីមី និង ដើមឈើ (Record no. 1310)
[ view plain ]
| 000 -LEADER | |
|---|---|
| fixed length control field | 01279nam a22002657a 4500 |
| 005 - DATE AND TIME OF LATEST TRANSACTION | |
| control field | 20230816101208.0 |
| 020 ## - INTERNATIONAL STANDARD BOOK NUMBER | |
| International Standard Book Number | 9789996389863 |
| 040 ## - CATALOGING SOURCE | |
| Original cataloging agency | FISKH |
| Language of cataloging | eng |
| Transcribing agency | FISKH |
| Modifying agency | FISKH |
| 082 ## - DEWEY DECIMAL CLASSIFICATION NUMBER | |
| Classification number | 582.16 |
| 100 ## - MAIN ENTRY--PERSONAL NAME | |
| Personal name | Samphors, Try |
| 245 ## - TITLE STATEMENT | |
| Title | មីមី និង ដើមឈើ |
| Statement of responsibility, etc. | និពន្ធ និង រូបភាពដោយ ទ្រី សម្ផស្ស |
| 260 ## - PUBLICATION, DISTRIBUTION, ETC. | |
| Place of publication, distribution, etc. | Phnom Penh : |
| Name of publisher, distributor, etc. | Sipar, |
| Date of publication, distribution, etc. | 2021. |
| 300 ## - PHYSICAL DESCRIPTION | |
| Extent | 15 pages : |
| Other physical details | color illustrations ; |
| Dimensions | 20 cm |
| 505 ## - FORMATTED CONTENTS NOTE | |
| Formatted contents note | F <br/> |
| 520 ## - SUMMARY, ETC. | |
| Summary, etc. | មីមីលេងនៅក្រោមមេឃដ៏ក្ដៅ។ ក្រោយមកម្ដាយរបស់នាងក៏បានឳ្យដើមឈើមួយដើមទៅនាងដាំ ហើយវាក៏បានធំជាម្លប់ដល់មីមី។ |
| 520 ## - SUMMARY, ETC. | |
| Summary, etc. | Meymey plays under the hot sky. Later, her mother gave her a tree to plant, and it grew into a shade for her. |
| 521 ## - TARGET AUDIENCE NOTE | |
| Target audience note | 310 <br/> |
| Source | Lexile estimate <br/> |
| 521 ## - TARGET AUDIENCE NOTE | |
| Target audience note | F <br/> |
| Source | Raz-Plus <br/> |
| 650 ## - SUBJECT ADDED ENTRY--TOPICAL TERM | |
| Topical term or geographic name entry element | អាកាសធាតុក្ដៅ |
| Form subdivision | ដើមឈើ |
| General subdivision | លេង |
| 650 ## - SUBJECT ADDED ENTRY--TOPICAL TERM | |
| Topical term or geographic name entry element | Hot weather |
| Form subdivision | Tree |
| General subdivision | Play |
| 700 ## - ADDED ENTRY--PERSONAL NAME | |
| Personal name | Samphors, Try |
| Titles and other words associated with a name | illustrator |
| 942 ## - ADDED ENTRY ELEMENTS (KOHA) | |
| Source of classification or shelving scheme | Dewey Decimal Classification |
| Koha item type | Books |
| Suppress in OPAC | No |
| 999 ## - | |
| -- | 1310 |
| -- | 1310 |
| Withdrawn status | Lost status | Source of classification or shelving scheme | Damaged status | Not for loan | Collection | Home library | Current library | Shelving location | Date acquired | Total Checkouts | Full call number | Barcode | Date last seen | Date last checked out | Copy number | Price effective from | Koha item type |
|---|---|---|---|---|---|---|---|---|---|---|---|---|---|---|---|---|---|
| Dewey Decimal Classification | Khmer Language Books / សៀវភៅភាសាខ្មែរ | Footprints International School Library Network Toul Kork Campus | Footprints International School Library Network Toul Kork Campus | TK Campus, Room B402, Khmer Book Case 16, Shelves 112-123 / ទូរសៀវភៅខ្មែរលេខ ១៦ ធ្នើរ ១១២ ដល់ ១២៣ បន្ទប់ B402 សាខាទួលគោក | 08/14/2023 | 1 | SAM 582.16 | 2023-0255 | 12/03/2024 | 08/23/2024 | 1 | 08/14/2023 | Books | ||||
| Dewey Decimal Classification | Khmer Language Books / សៀវភៅភាសាខ្មែរ | Footprints International School Library Network Toul Kork Campus | Footprints International School Library Network Toul Kork Campus | TK Campus, Room B402, Khmer Book Case 16, Shelves 112-123 / ទូរសៀវភៅខ្មែរលេខ ១៦ ធ្នើរ ១១២ ដល់ ១២៣ បន្ទប់ B402 សាខាទួលគោក | 08/14/2023 | 2 | SAM 582.16 | 2023-0256 | 02/02/2026 | 01/13/2026 | 2 | 08/14/2023 | Books |
